00259nam a2200097Ia 4500008004100000100002000041245003200061260004200093260000900135999001700144170620s9999 xx 000 0 und d aRao- Ravi Ranga 0aMethods of Teacher Training bNew Delhi- Discovery Publishing House c2004 c24426d24426